Zalacaín el aventurero

Uloženo v:
Podrobná bibliografie
Hlavní autor: Baroja, Pío
Médium: Kniha
Jazyk:Undetermined
Vydáno: Buenos Aires, Argentina Losada 1968
Vydání:6
Témata:
Tagy: Přidat tag
Žádné tagy, Buďte první, kdo vytvoří štítek k tomuto záznamu!

MARC

LEADER 00000nam a2200000Ia 4500
008 170316s9999 xx 000 0 und d
040 |a cru BVZT 
090 |a 862 B-6z 
100 |a Baroja, Pío 
245 |a Zalacaín el aventurero 
250 |a 6 
260 |a Buenos Aires, Argentina 
260 |b Losada 
260 |c 1968 
300 |a 173 páginas 
650 |a LITERATURA ESPAÑOLA 
650 |a NOVELA 
999 |c 9574  |d 9574 
942 |c 15 D  |h 862 B-6z  |2 z